000 01005nasaa22002531i 4500
003 EG-GICUS
005 20260623124433.0
008 260623c20249999ua uu p 0 0ara d
040 _aEG-GICUS
_bara
_cEG-GICUS
_erda
041 _aara
043 _aaw-----
049 _aإهداء
092 0 4 _a320.9174927
_bK9689
_221
099 _a320.9174927 K9689
245 0 0 _aكراسات سياسية /
_c المركز القومي لدراسات الشرق الاوسط.
264 1 _aالقاهرة :
_bالمركز القومي لدراسات الشرق الاوسط،
_c2024-
300 _aمجلد :
_bايضاحيات؛
_c27سم.
362 0 _aالعدد.1 (مارس 2024)-
541 _aإهداء
_bالقاهرة
_cالمركز القومي لدراسات الشرق الاوسط
651 7 _aمصر
_vدوريات
_xأحوال سياسية
_2qramk
710 2 _aمركز القومي لدراسات الشرق الاوسط (مصر،القاهرة)
905 _aAbeer
_eAbeer
942 _n0
_cCR
999 _c180602
_d180602